Social group work (Record no. 175976)

MARC details
000 -LEADER
fixed length control field 00652nam a2200241Ia 4500
003 - CONTROL NUMBER IDENTIFIER
control field OSt
005 - DATE AND TIME OF LATEST TRANSACTION
control field 20251015192718.0
008 - FIXED-LENGTH DATA ELEMENTS--GENERAL INFORMATION
fixed length control field 210423s2010 xx 000 0 und d
020 ## - INTERNATIONAL STANDARD BOOK NUMBER
International Standard Book Number 9788189267582
040 ## - CATALOGING SOURCE
Transcribing agency AL
041 ## - LANGUAGE CODE
Language code of text/sound track or separate title English
082 ## - DEWEY DECIMAL CLASSIFICATION NUMBER
Classification number 361.4
Item number MISS
100 ## - MAIN ENTRY--PERSONAL NAME
Personal name Misra P D
9 (RLIN) 120671
245 ## - TITLE STATEMENT
Title Social group work
Remainder of title : theory and practice
260 ## - PUBLICATION, DISTRIBUTION, ETC.
Place of publication, distribution, etc. Lucknow
Name of publisher, distributor, etc. New Royal Books Co
Date of publication, distribution, etc. 2010
300 ## - PHYSICAL DESCRIPTION
Extent ii,189
Other physical details HB
365 ## - TRADE PRICE
Price amount 495
Currency code INR
650 ## - SUBJECT ADDED ENTRY--TOPICAL TERM
Topical term or geographic name entry element Group Work
9 (RLIN) 120672
650 ## - SUBJECT ADDED ENTRY--TOPICAL TERM
Topical term or geographic name entry element Social Problems & Services
9 (RLIN) 120673
700 ## - ADDED ENTRY--PERSONAL NAME
Personal name Misra, Bina
9 (RLIN) 242330
906 ## - LOCAL DATA ELEMENT F, LDF (RLIN)
a group ; practice ; Social ; work:theory
942 ## - ADDED ENTRY ELEMENTS (KOHA)
Source of classification or shelving scheme Dewey Decimal Classification
Koha item type Book
Holdings
Withdrawn status Lost status Damaged status Not for loan Collection code Home library Current library Date acquired Source of acquisition Cost, normal purchase price Total Checkouts Full call number Barcode Date last seen Date last checked out Price effective from Koha item type
        MSW St Aloysius PG Library St Aloysius PG Library 11/28/2011 New Royal Book House 495.00 9 361.4 MISS PG022679 10/28/2025 10/27/2025 04/26/2021 Book